<?xml version="1.0" encoding="UTF-8"?>
<record
    xmlns:xsi="http://www.w3.org/2001/XMLSchema-instance"
    xsi:schemaLocation="http://www.loc.gov/MARC21/slim http://www.loc.gov/standards/marcxml/schema/MARC21slim.xsd"
    xmlns="http://www.loc.gov/MARC21/slim">

  <leader>00599nam a22001937a 4500</leader>
  <controlfield tag="003">OSt</controlfield>
  <controlfield tag="005">20161004175859.0</controlfield>
  <controlfield tag="008">161004s2016    spc|||||||||||||| ||cat|d</controlfield>
  <datafield tag="020" ind1=" " ind2=" ">
    <subfield code="a">9788494101960</subfield>
  </datafield>
  <datafield tag="040" ind1=" " ind2=" ">
    <subfield code="b">cat</subfield>
    <subfield code="c">CDMR</subfield>
  </datafield>
  <datafield tag="100" ind1="1" ind2=" ">
    <subfield code="a">Adell Bardier, Josep M.</subfield>
  </datafield>
  <datafield tag="245" ind1="1" ind2="0">
    <subfield code="a">R&#xE0;dio 4, 40 anys en catal&#xE0; 1976-2016 </subfield>
    <subfield code="b">(una veu de resist&#xE8;ncia) </subfield>
    <subfield code="c">Josep M. Adell Bardier</subfield>
  </datafield>
  <datafield tag="260" ind1=" " ind2=" ">
    <subfield code="a">Girona :</subfield>
    <subfield code="b">Nautilus,</subfield>
    <subfield code="c">2016</subfield>
  </datafield>
  <datafield tag="300" ind1=" " ind2=" ">
    <subfield code="a">313 p. ;</subfield>
    <subfield code="c">21 cm</subfield>
  </datafield>
  <datafield tag="610" ind1="2" ind2="0">
    <subfield code="a">Radio Nacional de Espa&#xF1;a</subfield>
    <subfield code="b">Radio 4</subfield>
    <subfield code="9">3198</subfield>
  </datafield>
  <datafield tag="650" ind1=" " ind2="0">
    <subfield code="a">Catal&#xE0;</subfield>
    <subfield code="9">3851</subfield>
    <subfield code="x">&#xFA;s</subfield>
  </datafield>
  <datafield tag="650" ind1="0" ind2="7">
    <subfield code="a">R&#xE0;dio</subfield>
    <subfield code="z">Hist&#xF2;ria</subfield>
    <subfield code="z">Catalunya</subfield>
    <subfield code="2">lemac</subfield>
    <subfield code="9">1722</subfield>
  </datafield>
  <datafield tag="942" ind1=" " ind2=" ">
    <subfield code="c">MON</subfield>
  </datafield>
  <datafield tag="999" ind1=" " ind2=" ">
    <subfield code="c">6967</subfield>
    <subfield code="d">6967</subfield>
  </datafield>
  <datafield tag="952" ind1=" " ind2=" ">
    <subfield code="0">0</subfield>
    <subfield code="1">0</subfield>
    <subfield code="4">0</subfield>
    <subfield code="7">0</subfield>
    <subfield code="a">CDMR</subfield>
    <subfield code="b">CDMR</subfield>
    <subfield code="d">2016-10-04</subfield>
    <subfield code="e">Donaci&#xF3;</subfield>
    <subfield code="g">14.90</subfield>
    <subfield code="l">4</subfield>
    <subfield code="m">2</subfield>
    <subfield code="o">Eu /26</subfield>
    <subfield code="p">CDMR16100003</subfield>
    <subfield code="r">2024-09-23</subfield>
    <subfield code="s">2024-09-02</subfield>
    <subfield code="v">14.90</subfield>
    <subfield code="w">2016-10-04</subfield>
    <subfield code="y">MON</subfield>
  </datafield>
</record>
